000 00736nam a2200241 i 4500
001 51852
003 ES-MaACL
005 20240225063049.0
007 t|
008 030820s1957 sp c |||| | spa d
100 1 _aDarío, Rubén,
_d1867-1916
_942720
245 1 0 _aAzul
_b; Cuentos ; Poemas en prosa /
_cRubén Darío ; nota preliminar de F.S.R.
246 1 0 _aCuentos
246 1 0 _aPoemas en prosa
250 _a3ª ed.
260 _aMadrid :
_bAguilar,
_c1957 (
_fCanales)
300 _a524 p. :
_bretr. autor ;
_c12 cm.
490 1 _aCrisol ;
_v115
700 1 _aSainz de Robles, Federico Carlos,
_d1898-1982
_9101593
830 0 _aCrisol ;
_v115
_9180848
852 _aES-MaACL
_jD-8418
999 _c51852
_d51852